00501nam a22001697a 450000500170000001000130001702000100003003500130004003700140005308200110006710000220007824500530010024600420015326000390019527000770023430000200031120200320102503.0 aA-353705 c70.00 aA-353705 bBPPD/Pub. a841.08 aمحمد عقیل aغزل کے نیے جیات /cمحمد عقیل aGhazal ke Nae Jahaat /bby Mohd. Aqil aNew DelhibMaktaba Jadeedc1988 ء a9/10, Ground Floor, Gola Market, Behind Golcha CinemabNew Delhie110002 a183p.c21cm(Hb)